[Event "Ruhrhalbinsel op 19th"]
[Site "Essen"]
[Date "2004.05.22"]
[Round "5"]
[White "Rolle, Harald"]
[Black "Bratz, Thomas"]
[Result "0-1"]
[WhiteElo "1261"]
[BlackElo "1781"]
[PlyCount "65"]
[EventDate "2004.05.??"]
[EventType "swiss"]
[EventRounds "7"]
[EventCountry "GER"]
[SourceTitle "CBM 100 Extra"]
[Source "ChessBase"]
[SourceDate "2004.07.06"]
[SourceVersion "2"]
[SourceVersionDate "2004.07.06"]
[SourceQuality "1"]

1. Nf3 f5 2. c4 Nf6 3. Nc3 d6 4. d4 g6 5. e3 Bg7 6. b4 0-0 7. Qb3 c6 8. c5+ d5 9. Bd3 Ne4 10. Bxe4 fxe4 11. Nxe4 a5 12. Bd2 axb4 13. Bxb4 Na6 14. Bc3 Nc7 15. h3 Nb5 16. Bb2 Kh8 17. Ng3 Nc7 18. 0-0 Bxh3 19. Ne5 Bc8 20. f4 Ne8 21. Qc2 Bf5 22. Qe2 Nf6 23. Nxf5 gxf5 24. Rf3 Ne4 25. Rh3 Qe8 26. g3 Bxe5 27. dxe5 e6 28. Bd4 Qg6 29. Qh2 Rg8 30. Kg2 Ra3 31. Kf3 Rd3 32. Rg1 Rd2 33. Rg2 0-1

[Event "Ruhrhalbinsel op 19th"]
[Site "Essen"]
[Date "2004.05.20"]
[Round "2"]
[White "Bratz, Thomas"]
[Black "Sokalsky, Alexander"]
[Result "0-1"]
[WhiteElo "1781"]
[BlackElo "2220"]
[PlyCount "72"]
[EventDate "2004.05.??"]
[EventType "swiss"]
[EventRounds "7"]
[EventCountry "GER"]
[SourceTitle "CBM 100 Extra"]
[Source "ChessBase"]
[SourceDate "2004.07.06"]
[SourceVersion "2"]
[SourceVersionDate "2004.07.06"]
[SourceQuality "1"]

1. e4 e5 2. Nf3 Nc6 3. Bb5 d6 4. d4 Bd7 5. 0-0 Nf6 6. Re1 Be7 7. d5 Nb8 8. Bd3 0-0 9. c4 h6 10. Nc3 Kh8 11. Rb1 Ng8 12. Qc2 a5 13. a3 Na6 14. b4 Bg4 15. Ne2 axb4 16. axb4 c5 17. bxc5 Nxc5 18. Be3 b6 19. Ra1 Qd7 20. Nd2 Qc7 21. Nc3 Bd7 22. Bf1 g6 23. f3 f5 24. g3 Rxa1 25. Rxa1 fxe4 26. fxe4 Bg5 27. Bf2 Qd8 28. h4 Bxd2 29. Qxd2 Nb3 30. Qb2 Nxa1 31. Qxa1 Nf6 32. Qb2 Nh5 33. g4 Bxg4 34. Qxb6 Qf6 35. Nb5 Nf4 36. Qxd6 Nh3+ 0-1

[Event "Dortmund9"]
[Site "Dortmund"]
[Date "2003.10.31"]
[Round "6"]
[White "Bratz, Thomas"]
[Black "Wagner, Markus"]
[Result "1-0"]
[WhiteElo "1800"]
[BlackElo "1824"]
[PlyCount "39"]
[EventDate "2003.10.08"]
[EventType "tourn"]
[EventRounds "11"]
[EventCountry "GER"]
[SourceTitle "EXT 2007"]
[Source "ChessBase"]
[SourceDate "2006.11.23"]
[SourceVersion "1"]
[SourceVersionDate "2006.11.23"]
[SourceQuality "1"]

1. e4 c5 2. Nf3 d6 3. Bb5+ Bd7 4. Bxd7+ Qxd7 5. 0-0 Nc6 6. c3 Nf6 7. Re1 g6 8. d4 e5 9. Na3 Bg7 10. Nc4 b5 11. dxe5 bxc4 12. exf6 Bxf6 13. Bh6 Ne5 14. Nxe5 dxe5 15. Qe2 Qe6 16. Red1 Rd8 17. Rxd8+ Bxd8 18. Rd1 Bb6 19. Rd5 Ke7 20. Bg7 1-0

[Event "Dortmund9"]
[Site "Dortmund"]
[Date "2003.10.22"]
[Round "4"]
[White "Ritter, Uwe"]
[Black "Bratz, Thomas"]
[Result "1-0"]
[WhiteElo "2005"]
[BlackElo "1800"]
[PlyCount "66"]
[EventDate "2003.10.08"]
[EventType "tourn"]
[EventRounds "11"]
[EventCountry "GER"]
[SourceTitle "EXT 2007"]
[Source "ChessBase"]
[SourceDate "2006.11.23"]
[SourceVersion "1"]
[SourceVersionDate "2006.11.23"]
[SourceQuality "1"]

1. e4 c6 2. d4 d5 3. Nc3 dxe4 4. Nxe4 Bf5 5. Ng3 Bg6 6. h4 h6 7. Nf3 Nd7 8. h5 Bh7 9. Bd3 Bxd3 10. Qxd3 Ngf6 11. Bd2 e6 12. 0-0-0 Qb6 13. Ne5 Qc7 14. Rhe1 Nxe5 15. dxe5 Nd5 16. c4 Nb4 17. Qb3 Na6 18. Bc3 Be7 19. Ne4 Nc5 20. Qc2 Nxe4 21. Qxe4 Rd8 22. Rxd8+ Kxd8 23. Qd4+ Qd7 24. Qxa7 Bg5+ 25. Kc2 Qc8 26. Rd1+ Ke8 27. g3 g6 28. f4 Be7 29. Qd4 gxh5 30. f5 exf5 31. e6 Rg8 32. Qd7+ Qxd7 33. exd7+ Kd8 1-0

[Event "Dortmund9"]
[Site "Dortmund"]
[Date "2003.10.08"]
[Round "1"]
[White "Bratz, Thomas"]
[Black "Vlatten, Andre"]
[Result "1-0"]
[WhiteElo "1800"]
[BlackElo "1925"]
[PlyCount "81"]
[EventDate "2003.10.08"]
[EventType "tourn"]
[EventRounds "11"]
[EventCountry "GER"]
[SourceTitle "EXT 2007"]
[Source "ChessBase"]
[SourceDate "2006.11.23"]
[SourceVersion "1"]
[SourceVersionDate "2006.11.23"]
[SourceQuality "1"]

1. e4 Nc6 2. d4 d6 3. d5 Ne5 4. f4 Ng6 5. Bb5+ Bd7 6. Bxd7+ Qxd7 7. c4 Nf6 8. Nc3 e6 9. Nge2 exd5 10. exd5 Be7 11. Nd4 0-0 12. 0-0 Rfe8 13. b3 Bf8 14. f5 Ne5 15. h3 Qd8 16. g4 Ned7 17. Rf4 Nc5 18. Qf3 Nfd7 19. Bd2 Be7 20. Ne4 Ne5 21. Qg2 Ned3 22. Rff1 Nxe4 23. Qxe4 Nc5 24. Qf3 Bf6 25. Be3 Re4 26. Rad1 Qe7 27. Bf2 Re8 28. Ne6 fxe6 29. dxe6 Re5 30. Bd4 Rf8 31. b4 Na4 32. g5 Bxg5 33. Bxe5 dxe5 34. Qxb7 Be3+ 35. Kh1 Qh4 36. Qf3 Bf4 37. Rd7 Nb6 38. Rxc7 Rd8 39. Rg1 Bh6 40. f6 e4 41. e7 1-0

[Event "Dortmund4"]
[Site "Dortmund"]
[Date "2003.05.17"]
[Round "10"]
[White "Wiemann, Peter"]
[Black "Bratz, Thomas"]
[Result "0-1"]
[WhiteElo "1568"]
[BlackElo "1716"]
[PlyCount "37"]
[EventDate "2003.03.28"]
[EventType "tourn"]
[EventRounds "11"]
[EventCountry "GER"]
[SourceTitle "EXT 2007"]
[Source "ChessBase"]
[SourceDate "2006.11.23"]
[SourceVersion "1"]
[SourceVersionDate "2006.11.23"]
[SourceQuality "1"]

1. e4 e6 2. Nf3 c5 3. d4 cxd4 4. Nxd4 Nc6 5. Nc3 Nf6 6. Bg5 d6 7. Qd2 a6 8. 0-0-0 h6 9. Be3 Ng4 10. f3 Nxe3 11. Qxe3 Be7 12. Kb1 Qc7 13. h4 b5 14. Nb3 Bb7 15. g4 0-0-0 16. Bh3 Bxh4 17. f4 Bf6 18. f5 Kb8 19. Rd2 0-1